50 Greatest Women in Music - Statistics

General Stats
  • This quiz has been taken 2,128 times
  • The average score is 8 of 50
Answer Stats
Hint Answer % Correct
25. Madonna
76%
34. Beyoncé
70%
1. Aretha Franklin
61%
35. Whitney Houston
59%
46. Mariah Carey
43%
48. Lady Gaga
40%
47. Tina Turner
39%
15. Diana Ross
37%
14. Janis Joplin
36%
27. Janet Jackson
27%
32. Stevie Nicks
25%
20. Amy Winehouse
22%
13. Dolly Parton
19%
6. Donna Summer
17%
43. Joan Jett
17%
5. Joni Mitchell
17%
2. Nina Simone
17%
33. Debbie Harry
14%
24. Annie Lennox
13%
4. Billie Holiday
13%
10. Patti Smith
13%
7. Björk
11%
26. Carole King
11%
19. Dusty Springfield
11%
22. Joan Baez
10%
3. Kate Bush
10%
18. Grace Slick
7%
30. Nancy Sinatra
6%
16. Edith Piaf
5%
39. Enya
4%
49. Fiona Apple
4%
11. Nico
4%
8. PJ Harvey
4%
42. Tracy Chapman
4%
29. Grace Jones
3%
38. Shirley Bassey
3%
50. Shirley Manson
2%
37. Agnetha Fältskog
1%
44. Annie Clark (St. Vincent)
1%
17. Beth Gibbons
1%
23. Kim Gordon
1%
31. Marianne Faithfull
1%
36. Siouxsie Sioux
1%
9. Elizabeth Fraser
0%
28. Imogen Heap
0%
40. Jane Birkin
0%
21. Laurie Anderson
0%
45. Lhasa De Sela
0%
12. Sandy Denny
0%
41. Vashti Bunyan
0%
No matching quizzes found
Score Distribution
Percent of People with Each Score
Percentile by Number Answered
Your Score History
You have not taken this quiz